Corporacin̤ 2020 Pavan Sukhdev

Detalles Bibliográficos
Autor principal: Sukhdev, Pavan
Formato: eBook
Lenguaje:español
Publicado: Bogot:̀ ECOE 2013
Materias:
Acceso en línea:Acceso restringido

MARC

LEADER 00000nam a22000007a 4500
005 2022021606286.0
007 cr|||| ||||
008 220216s2013 co |||||s|||| 00||0 spa d
020 |a 9789587710380 
035 |a 35841 
040 |a vLex 
090 |c 13011  |d 13011 
100 1 |a Sukhdev, Pavan 
245 1 0 |a Corporacin̤ 2020  |h [Recurso electrn̤ico] :  |c transformar los negocios para el mundo del maąna /  |b Pavan Sukhdev 
256 |a Servicio en ln̕ea 
260 |a Bogot:̀  |b ECOE  |c 2013 
300 |a 1 recurso electrn̤ico 
506 1 |a Disponible solo en los productos indicados  |d vLex Global  |d vLex Global (Academic Edition, excluding Law Schools)  |d vLex Global (U.S. Academic Edition, Law Schools)  |d vLex Global (U.S. Academic Edition, excluding Law Schools)  |d vLex Global (Academic Edition, Law Schools) 
650 0 4 |a Economa̕ y negocios  |z Colombia 
740 0 |a vLex Libros (Servicio en ln̕ea) 
856 4 0 |u https://app.vlex.com/#/sources/35841  |z Acceso restringido 
942 |c BOOK 
999 0 |a Economy and business